Airports - Which major city do they serve? - Statistics

General Stats
  • This quiz has been taken 320 times
  • The average score is 14 of 25
Answer Stats
Hint Answer % Correct
Heathrow London
100%
La Guardia New York
92%
Orly Paris
92%
Inchon (Incheon) Seoul
86%
Haneda Tokyo
86%
John Lennon Liverpool
76%
Suvarnabhumi Bangkok
72%
Trudeau (Dorval) Montreal
71%
Changi Singapore
71%
Linate Milan
64%
Soekarno Hatta Jakarta
62%
OR Tambo Johannesburg
61%
Guarulhos Sao Paulo
57%
Jomo Kenyatta Nairobi
54%
FJ Strauss Munich
48%
Itami Osaka
48%
Ezeiza (Pistarini) Buenos Aires
44%
Subang Kuala Lumpur
43%
Tan Son Nhut Ho Chi Minh
42%
Pulkovo St Petersburg
39%
Tullamarine Melbourne
35%
Kloten Zurich
33%
NAIA Manila
29%
King Shaka Durban
18%
Viru Viru Santa Cruz
10%
No matching quizzes found
Score Distribution
Percent of People with Each Score
Percentile by Number Answered
Your Score History
You have not taken this quiz